00746nam a22001457a 4500008004100000040005500041080002200096245022300118260006000341300000900401650001100410942001300421999001700434952014900451230622b |||||||| |||| 00| 0 eng d aNational Science LibrarycNational Science Library aI 628.1(1-22)bM6 aTechnology mission on drinking water in villages: bMission oriented programme govt. of Indiac/ Consolidated report of drinking water quality assessment studies Aizawl district Mizoram, Mirzapur district Uttar Pradesh aLucknow: bIndustrial Toxiology Research Centre, c1987 a33p. aReport 2udccREP c46087d46087 00102udc406I_6281122_M670969971aNSLbNSLcGF/Rk-13/C-16/R-4d1987-09-16l0oI 628.1(1-22) M6p168573r2023-06-22 00:00:00w1987-09-16yREP